[Event "WJun"]
[Site "Instanbul TUR"]
[Date "2005.11.20"]
[Round "11"]
[White "Tomashevsky,E"]
[Black "Laznicka,V"]
[Result "1/2-1/2"]
[WhiteElo "2564"]
[BlackElo "2517"]

1.Nf3 Nf6 2.c4 c5 3.Nc3 d5 4.cxd5 Nxd5 5.e3 e6 6.Qb3 Nb4 7.d4 cxd4 8.exd4 N8c6
9.Be2 Be7 10.O-O O-O 11.Be3 b6 12.a3 Na5 13.Qd1 Nd5 14.Nxd5 exd5 15.Ne5 f6
16.Nd3 Bf5 17.Bf3 Qd7 18.Nf4 Be4 19.Bxe4 dxe4 20.d5 Rac8 21.Ne6 Rf7 22.Rc1 Rxc1
23.Bxc1 f5 24.f3 exf3 25.Qxf3 Nb7 26.b4 Nd6 27.Bf4 Ne4 28.Qd3 Bd6 29.g4 Bxf4
30.Rxf4 Nf6 31.gxf5 Qd6 32.Rc4 Re7 33.Qg3 Rd7 34.Kf2 h6 35.Kf3 h5 36.Rc8+ Kf7
37.Rc7  1/2-1/2

[Event "18th Belgrade Trophy"]
[Site "Obrenovac SCG"]
[Date "2005.11.22"]
[Round "1"]
[White "Vukanovic,S"]
[Black "Brakus,D"]
[Result "1-0"]
[WhiteElo "2353"]
[BlackElo "2051"]

1.Nf3 c5 2.c4 Nf6 3.Nc3 e6 4.g3 b6 5.Bg2 Bb7 6.O-O Be7 7.d4 cxd4 8.Qxd4 O-O
9.Rd1 d5 10.Ne5 Bc5 11.Qf4 Nc6 12.Nxc6 Bxc6 13.cxd5 Nxd5 14.Nxd5 exd5 15.b4 Bd6
16.Qd4 Re8 17.Bb2 Be5 18.Qd2 Ba4 19.Rdc1 Bxb2 20.Qxb2 Qd6 21.e3 Rac8 22.Qd4 Rcd8
23.Rc3 Bb5 24.Rd1 Bc6 25.h4 Ra8 26.Rxc6 Qxc6 27.Bxd5 Qc7 28.Bxa8 Rxa8 29.Qd7 Qxd7
30.Rxd7 g6 31.a3 Kg7 32.f4 h5 33.Kf2 a5 34.Rb7  1-0

[Event "18th Belgrade Trophy"]
[Site "Obrenovac SCG"]
[Date "2005.11.23"]
[Round "2"]
[White "Arsovic,Z"]
[Black "Martic,N"]
[Result "1-0"]
[WhiteElo "2419"]
[BlackElo "2216"]

1.Nf3 Nf6 2.c4 c5 3.Nc3 e6 4.e3 b6 5.d4 cxd4 6.exd4 Bb7 7.a3 d6 8.d5 e5 9.Qa4+ Nbd7
10.g4 h6 11.g5 hxg5 12.Nxg5 Be7 13.Rg1 Kf8 14.Qc2 Qe8 15.Nb5 Rc8 16.Nxa7 Rc7
17.Nb5 Rc8 18.Qf5 g6 19.Qb1 Kg7 20.a4 Rxh2 21.Ra3 Rh4 22.Rag3 Nf8 23.b3 Nh5
24.Rh3 Rxh3 25.Bxh3 Rb8 26.Nc7 Qd8 27.Nge6+ fxe6 28.Nxe6+ Nxe6 29.Qxg6+  1-0

[Event "18th Belgrade Trophy"]
[Site "Obrenovac SCG"]
[Date "2005.11.24"]
[Round "3"]
[White "Andonov,B"]
[Black "Stanojevic,B"]
[Result "0-1"]
[WhiteElo "2401"]
[BlackElo "2303"]

1.Nf3 Nf6 2.c4 c5 3.Nc3 e6 4.g3 b6 5.Bg2 Bb7 6.O-O a6 7.Re1 d6 8.e4 Nbd7
9.d4 cxd4 10.Nxd4 Qc7 11.Be3 Rc8 12.Rc1 Qb8 13.b3 Be7 14.f4 O-O 15.g4 Nc5
16.Bf2 d5 17.e5 Nfe4 18.cxd5 Nxf2 19.Kxf2 Bh4+ 20.Kf1 Bxe1 21.Kxe1 f6 22.b4 fxe5
23.Nde2 exf4 24.Nd4 Qe5+ 25.Kf1 Na4 26.Nxe6 Nxc3 27.Qd3  0-1

[Event "18th Belgrade Trophy"]
[Site "Obrenovac SCG"]
[Date "2005.11.25"]
[Round "4"]
[White "Popovic,N"]
[Black "Pap,M"]
[Result "1/2-1/2"]
[WhiteElo "2207"]
[BlackElo "2399"]

1.c4 c5 2.Nf3 Nf6 3.Nc3 e6 4.d4 cxd4 5.Nxd4 d6 6.e4 Be7 7.Be3 b6 8.Be2 Bb7
9.f3 O-O 10.Qd2 Nbd7 11.Rb1 Qc7 12.O-O a6 13.Rfc1 Rac8 14.Bg5 Rfe8 15.Kh1 Qb8
16.Be3 Ne5 17.Na4 Ned7 18.Rc2 Bd8 19.b3 Nc5 20.Nc3 Bc7 21.b4 Ncd7 22.Bg1 Bd8
23.Rbc1 h5 24.Bf2 h4 25.Qe1 h3 26.gxh3 Ne5 27.Qf1 Nh5 28.Bg3 Ng6 29.f4 Nf6
30.Bf3 Qa8 31.Re1 b5 32.cxb5 Bb6 33.bxa6 Bxa6 34.Ndb5 Bd4 35.e5 Qb8 36.Qg2 dxe5
37.fxe5 Bxe5 38.Nd4 Bxg3 39.hxg3 Qxb4 40.Nc6 Qa3 41.Re3 Qd6 42.a4 Ne7 43.Nxe7+ Qxe7
44.Nb5 Qb4 45.Bc6 Red8 46.Rec3 Qxa4 47.Ra3 Qb4 48.Rxa6 Qb1+ 49.Kh2 Qd1 50.Raa2 Qh5
51.g4 Qg5 52.Na7 Rc7 53.Bf3 Rcd7 54.Nc6 Re8 55.Ra5 e5 56.Re2 Qf4+ 57.Qg3 Qxg3+
58.Kxg3 e4 59.Bg2 Rd3+ 60.Kh2 Re6 61.Ra8+ Kh7 62.g5 Rdd6 63.Nd8 Re8 64.Nxf7 Rxa8
65.Nxd6 Ra6 66.gxf6 Rxd6 67.Bxe4+ Kg8 68.Bg6 gxf6 69.Re7  1/2-1/2

[Event "18th Belgrade Trophy"]
[Site "Obrenovac SCG"]
[Date "2005.11.26"]
[Round "5"]
[White "Jakovljevic,Vlado"]
[Black "Prelevic,D"]
[Result "1-0"]
[WhiteElo "2385"]
[BlackElo "2299"]

1.Nf3 Nf6 2.c4 c5 3.Nc3 g6 4.d4 cxd4 5.Nxd4 d6 6.e4 Bg7 7.Be2 Nc6 8.Be3 O-O
9.O-O Bd7 10.Nc2 a5 11.f3 a4 12.Qd2 Qa5 13.Rac1 Rfc8 14.Rfd1 Be6 15.Nd5 Qxd2
16.Rxd2 Bxd5 17.exd5 Na5 18.Na3 Nxd5 19.Rxd5 Bxb2 20.Rd3 Bxc1 21.Bxc1 Nxc4
22.Nxc4 Rxc4 23.Be3 Rc2 24.Rd2 Rxd2 25.Bxd2 Rc8 26.Bd3 e5 27.g4 d5 28.g5 f5
29.gxf6 Kf7 30.Kf2 Kxf6 31.Ke2 g5 32.h3 h5 33.Kd1 Rg8 34.Be2 d4 35.Ba5 g4
36.hxg4 hxg4 37.fxg4 e4 38.Kd2 Ke5 39.a3 d3 40.Bd1 b5 41.Ke3 Kd5 42.Bb4 Rh8
43.g5 Rh3+ 44.Kf4 e3 45.g6 Rh6 46.Bh5 Rh8 47.g7 Rg8 48.Bf7+ Kd4 49.Bxg8 d2
50.Bb3  1-0

[Event "TCh-HUN 2005-6"]
[Site "Hungary HUN"]
[Date "2005.11.27"]
[Round "4"]
[White "Prokopishin,Vasiliy2"]
[Black "Honos,A"]
[Result "0-1"]
[WhiteElo "2223"]
[BlackElo "2323"]

1.Nf3 Nf6 2.c4 c5 3.Nc3 d5 4.cxd5 Nxd5 5.d4 Nxc3 6.bxc3 g6 7.g3 Bg7 8.Bg2 Nc6
9.e3 Qa5 10.Bb2 Bf5 11.Nd2 Qa6 12.Nb3 cxd4 13.exd4 O-O 14.Nc5 Qc4 15.Qb3 Na5
16.Qxc4 Nxc4 17.Bc1 b6 18.Nb3 Rac8 19.O-O a5 20.Re1 Rfe8 21.Nd2 e5 22.Nxc4 Rxc4
23.Bb2 Rcc8 24.Bb7 Rc7 25.Ba6 Ra8 26.Bf1 exd4 27.cxd4 Rc2 28.Re2 Rxb2 29.Rxb2 Bxd4
30.Rab1 Bxb2 31.Rxb2 Rc8 32.f4 Rc2 33.Rxc2 Bxc2 34.Kf2 Kf8 35.Ke3 Ke7 36.Kd4 Kd6
37.Bb5 f6 38.Be8 Bf5 39.a3 Bh3 40.Bb5 Bg2 41.h4 h6 42.Be8 g5 43.fxg5 fxg5
44.hxg5 hxg5 45.Bb5 Bc6 46.Bd3 Bd7 47.Be4 b5 48.Bf3 Be6 49.Be4 b4 50.axb4 axb4
51.Bf3 b3 52.Be4 Bf7 53.Bf5 Bd5 54.Bh7 Kc6 55.Bg6 Bf3 56.Bf7 Bd1 57.Kc3 Kd6
58.Kd2 Bc2 59.Bh5 Ke5 60.Be8 Kd4 61.Bb5 Be4 62.Ba4 b2 63.Bc2 Bxc2 64.Kxc2 Ke3  0-1

[Event "18th Belgrade Trophy"]
[Site "Obrenovac SCG"]
[Date "2005.11.30"]
[Round "9"]
[White "Vukanovic,S"]
[Black "Nestorovic,De"]
[Result "1-0"]
[WhiteElo "2353"]
[BlackElo "2400"]

1.Nf3 Nf6 2.c4 c5 3.Nc3 b6 4.e4 d6 5.d4 cxd4 6.Nxd4 Bb7 7.Qe2 e6 8.g3 a6
9.Bg2 Qc7 10.O-O Nbd7 11.b3 Be7 12.Bb2 O-O 13.Rac1 Rac8 14.f4 Rfe8 15.g4 g6
16.f5 exf5 17.gxf5 Qd8 18.Nd5 Nxd5 19.cxd5 Rxc1 20.Rxc1 Bg5 21.Nc6 Bxc6 22.dxc6 Nc5
23.Rf1 Qe7 24.Qc4 a5 25.Kh1 Nxe4 26.fxg6 hxg6 27.c7 d5 28.Qxd5 Bf6 29.Qxe4  1-0

[Event "IX Mirko Srajber mem"]
[Site "Subotica SCG"]
[Date "2005.12.06"]
[Round "7"]
[White "Bogosavljevic,B"]
[Black "Milanovic,Da"]
[Result "0-1"]
[WhiteElo "2325"]
[BlackElo "2464"]

1.Nf3 Nf6 2.c4 c5 3.Nc3 d5 4.cxd5 Nxd5 5.d4 cxd4 6.Qxd4 Nxc3 7.Qxc3 Nc6 8.e4 e6
9.Bb5 Bd7 10.O-O Qb6 11.a4 Qc5 12.Qd3 Qd6 13.Qe2 Qc7 14.Be3 Be7 15.a5 O-O
16.Rfc1 Rfc8 17.a6 b6 18.Rc2 Bc5 19.Rd1 Be8 20.Bxc6 Bxc6 21.b4 Bxb4 22.Rdc1 Qd6
23.e5 Qd7 24.Rc4 Ba3 25.R1c3 Bf8 26.Qc2 Ba4 27.Qe2 Bb5 28.Rxc8 Bxe2  0-1

[Event "FSGMB December"]
[Site "Budapest HUN"]
[Date "2005.12.09"]
[Round "7"]
[White "Slavina,I"]
[Black "Nemeth,Mi1"]
[Result "1/2-1/2"]
[WhiteElo "2385"]
[BlackElo "2378"]

1.Nf3 Nf6 2.c4 e6 3.Nc3 c5 4.g3 b6 5.Bg2 Bb7 6.O-O Be7 7.Re1 d6 8.e4 a6 9.d4 cxd4
10.Nxd4 Qc7 11.Be3 Nbd7 12.f4 O-O 13.Rc1 Rac8 14.g4 g6 15.g5 Nh5 16.f5 Ne5
17.b3 exf5 18.exf5 Bxg2 19.Kxg2 Qb7+ 20.Kg1 b5 21.cxb5 axb5 22.Ncxb5 Rxc1
23.Bxc1 f6 24.fxg6 hxg6 25.Rf1 fxg5 26.Rxf8+ Kxf8 27.Qf1+ Kg8 28.Qg2 Qb6
29.Be3 Kh7 30.Qa8 Ng4 31.Qe4 Ne5 32.Qa8 Ng4 33.Qe4 Ne5  1/2-1/2

[Event "It"]
[Site "Dnepropetrovsk UKR"]
[Date "2005.12.13"]
[Round "8"]
[White "Matjushin,G"]
[Black "Rogovski,V"]
[Result "1/2-1/2"]
[WhiteElo "2425"]
[BlackElo "2503"]

1.Nf3 c5 2.c4 Nf6 3.Nc3 e6 4.g3 Nc6 5.Bg2 Be7 6.O-O O-O 7.b3 b6 8.Bb2 Bb7
9.d4 cxd4 10.Nxd4 a6 11.Nxc6 Bxc6 12.Bxc6 dxc6 13.Qc2 Qc7 14.Rad1 Rfd8 15.Rxd8+ Rxd8
16.Rd1 Rxd1+ 17.Qxd1 Qd6 18.Qxd6 Bxd6 19.Kg2 b5 20.Kf3 Kf8  1/2-1/2

[Event "5th Amplico AIG Life"]
[Site "Warsaw POL"]
[Date "2005.12.17"]
[Round "5"]
[White "Urban,K"]
[Black "Akesson,R"]
[Result "1-0"]
[WhiteElo "2462"]
[BlackElo "2486"]

1.Nf3 Nf6 2.c4 c5 3.Nc3 e6 4.g3 b6 5.Bg2 Bb7 6.O-O Be7 7.d4 cxd4 8.Qxd4 d6
9.Bg5 O-O 10.Rfd1 Nbd7 11.Nb5 d5 12.cxd5 Bxd5 13.Nc3 Bb7 14.Ne5 Bxg2 15.Nxd7 Nxd7
16.Bxe7 Qxe7 17.Kxg2 Rfd8 18.Qf4 Nf6 19.a3 h6 20.Qf3 Rac8 21.Rac1 e5 22.h3 e4
23.Qe3 Qe6 24.Rxd8+ Rxd8 25.Rd1 Rxd1 26.Nxd1 Qa2 27.Qc3 Qe6 28.Qc7 a6 29.Ne3 b5
30.Qc5 g6 31.Qd4 h5 32.Qd8+ Kg7 33.Qd4 Kh7 34.Nd1 Nd5 35.Ne3 Nxe3+ 36.Qxe3 Qd5
37.Kh2 Kg8 38.Qc3 Qd1 39.e3 Qf3 40.Kg1 Qd1+ 41.Kh2 Qf3 42.Qd2 Kh7 43.h4 Qf5
44.Kg2 Qf3+ 45.Kg1 Qf6 46.Qc2 Qf3 47.b4 Kg7 48.Qc6 Qd1+ 49.Kg2 Qf3+ 50.Kg1 Qd1+
51.Kh2 Qf3 52.Qc2 Kg8 53.Kg1 Kg7 54.a4 bxa4 55.Qxa4 Qf6 56.Qb3 Qd6 57.Qc3+ f6
58.Qc4 Kf8 59.Qxe4 Kg7 60.Qb7+ Kg8 61.Kg2 Kf8 62.Qe4 Kg7 63.Qb7+ Kf8 64.e4 Qe6
65.Qb8+ Kg7 66.Qa7+ Kg8 67.Qd4 Kg7 68.Qd5 Qb6 69.Qd7+ Kg8 70.Qe7 Qc6 71.Kg1 Qc1+
72.Kh2 Qc6 73.Qd8+ Kg7 74.Qd4 Kf7 75.Kg1 Kg7 76.Kf1 Qc1+ 77.Kg2 Qc6 78.Kf3 Kh7
79.Qc5 Qd7 80.Qd5 Qc7 81.Qc5 Qd7 82.Ke3 Kg7 83.Qd5 Qc7 84.Kd3 Qc1 85.Qd7+ Kh6
86.Qd4 Qc6 87.Qd5 Qc7 88.Qe6 Qd8+ 89.Ke3 a5 90.bxa5 Qxa5 91.Qxf6 Qa3+ 92.Ke2 Qa2+
93.Kf3 Kh7 94.Qe7+ Kg8 95.Qb7 Kf8 96.Kg2 Qe6 97.Qd5 Qf6 98.e5 Qf5 99.Qf3  1-0

[Event "Sekkat mem"]
[Site "Casablanca MAR"]
[Date "2005.12.18"]
[Round "1"]
[White "Chorfi,K"]
[Black "Barsov,A"]
[Result "0-1"]
[WhiteElo "2199"]
[BlackElo "2517"]

1.c4 e6 2.Nc3 c5 3.Nf3 Nf6 4.e4 Nc6 5.a3 a6 6.d4 cxd4 7.Nxd4 Qc7 8.Be2 h5
9.h3 Ne5 10.Qa4 Ng6 11.Be3 Nf4 12.Bf1 h4 13.O-O-O b6 14.g3 hxg3 15.fxg3 Ng6
16.Nde2 Bb7 17.Bg2 Rc8 18.Qb3 Qxc4 19.Qxc4 Rxc4 20.Bxb6 Nxe4 21.Bxe4 Bxe4
22.Rh2 Ne5 23.Rd4 Bf5 24.h4 Rc6  0-1

[Event "5th Amplico AIG Life"]
[Site "Warsaw POL"]
[Date "2005.12.18"]
[Round "9"]
[White "Glyzin,Y"]
[Black "Likavsky,T"]
[Result "1-0"]
[WhiteElo "2203"]
[BlackElo "2514"]

1.Nf3 c5 2.c4 Nf6 3.Nc3 d5 4.cxd5 Nxd5 5.g3 Nc6 6.Bg2 Nc7 7.O-O e5 8.d3 Be7
9.Be3 O-O 10.Rc1 Be6 11.a3 Qd7 12.Na4 b6 13.Bd2 Nd5 14.Nc3 f6 15.Nxd5 Bxd5
16.Ne1 Rac8 17.Bxd5+ Qxd5 18.Bc3 Kh8 19.Ng2 Rfd8 20.Ne3 Qd7 21.Qb3 Bf8 22.Nc4 Rb8
23.Nd2 Re8 24.Ne4 h6 25.Rfe1 f5 26.Nd2 Re6 27.Nf3 Rbe8 28.Qa4 Qf7 29.b4 e4
30.Nh4 Nd4 31.bxc5 bxc5 32.Bxd4 cxd4 33.Qxd4 Bxa3 34.Ra1 Rd6 35.Qe3 Bb2 36.Rxa7 Qf6
37.Qf4 Bd4 38.Rf7 Kg8 39.Rb7 e3 40.f3 Bc3 41.Rc1 Red8 42.Nxf5 Re8 43.Kf1 Bb2
44.Rcc7 h5 45.Kg2 Be5 46.Rxg7+ Kh8 47.Rgd7 Rxd7 48.Rxd7 Kg8 49.Rg7+  1-0

[Event "Masters"]
[Site "Berkeley USA"]
[Date "2005.12.22"]
[Round "8"]
[White "Kraai,J"]
[Black "Zavadsky,P"]
[Result "1-0"]
[WhiteElo "2428"]
[BlackElo "2268"]

1.Nf3 c5 2.c4 Nf6 3.Nc3 g6 4.d4 cxd4 5.Nxd4 Bg7 6.e4 d6 7.Be2 Nc6 8.Be3 O-O
9.O-O Bd7 10.Re1 Nxd4 11.Bxd4 Bc6 12.Bd3 Nd7 13.Bxg7 Kxg7 14.Qd2 a6 15.b4 b6
16.Re3 Nf6 17.Rae1 a5 18.b5 Bb7 19.Rh3 h5 20.f4 e5 21.f5 Rh8 22.Rf3 g5 23.Qxg5+ Kf8
24.Qh4 Ke7 25.Na4 Rb8 26.Rg3 Qc7 27.h3 Ba8 28.Kh2 Qd8 29.Kh1 Qf8 30.Rf3 Qd8
31.Bf1 Rh6 32.Bd3 Rh8 33.Ree3 Qc7 34.Rg3 Qd8 35.Rg7 Rg8 36.Rxg8 Qxg8 37.Rg3 Qh8
38.Nc3 Qh6 39.Qg5 Qxg5 40.Rxg5 Rh8 41.Kg1 Nd7 42.Kf2 Nc5 43.Ke3 Nd7 44.h4 Nf6
45.Be2 Rh7 46.Bf3 Kd7 47.Ne2 Bb7 48.Ng3 Ke7 49.Nxh5 Nxh5 50.Rxh5 Rxh5 51.Bxh5 Bc8
52.g4 Bd7 53.g5 f6 54.Kf3 Bc8 55.Kg3 Bb7 56.Bf3 Kf7 57.Kg4 Bc8 58.h5 Bd7
59.h6  1-0

[Event "14th Donau Open"]
[Site "Aschach AUT"]
[Date "2005.12.26"]
[Round "1"]
[White "Szuhanek,R"]
[Black "Steiner,Ad"]
[Result "1-0"]
[WhiteElo "2444"]
[BlackElo "2126"]

1.Nf3 Nf6 2.c4 e6 3.Nc3 c5 4.g3 Nc6 5.Bg2 a6 6.O-O Qc7 7.b3 Rb8 8.Bb2 Be7
9.d4 cxd4 10.Nxd4 O-O 11.Rc1 d6 12.Nd5 exd5 13.cxd5 Nxd5 14.Bxd5 Bf6 15.Nxc6 Bxb2
16.Nxb8 Bxc1 17.Nxa6 Qa5 18.b4 Qxa6 19.Qxc1 Qxe2 20.Re1 Qh5 21.Qc4 Bh3 22.Bxb7 Be6
23.Qd4 Qb5 24.Bg2 d5 25.a3 Rc8 26.Qb2 Qd3 27.Bf1 Qf5 28.Rc1 Rxc1 29.Qxc1 d4
30.Qf4 Qxf4 31.gxf4 Kf8 32.Bd3 f5 33.a4 Ke7 34.Kf1 g6 35.Ke2 Bd5 36.Ba6 Bb3
37.a5 Bc2 38.Bc4 Kd6 39.f3 Bb1 40.Kd2  1-0

[Event "Open A"]
[Site "Bethune FRA"]
[Date "2005.12.26"]
[Round "1"]
[White "Jeanne,M"]
[Black "Solodovnichenko,Y"]
[Result "0-1"]
[WhiteElo "2179"]
[BlackElo "2494"]

1.Nf3 c5 2.c4 Nf6 3.Nc3 e6 4.g3 b6 5.Bg2 Bb7 6.O-O Be7 7.d4 cxd4 8.Qxd4 d6
9.Bg5 O-O 10.Bxf6 Bxf6 11.Qd3 Na6 12.Rad1 Nc5 13.Qxd6 Qxd6 14.Rxd6 Rfc8 15.Rfd1 Kf8
16.Nd4 Be5 17.Bxb7 Nxb7 18.Rc6 Rd8 19.Ndb5 Rxd1+ 20.Nxd1 Na5 21.Nxa7 Rxa7
22.Rc8+ Ke7 23.b4 Nb7 24.f4 Bd6  0-1

[Event "Open A"]
[Site "Bethune FRA"]
[Date "2005.12.28"]
[Round "4"]
[White "Giffard,N"]
[Black "Jeanne,M"]
[Result "1-0"]
[WhiteElo "2324"]
[BlackElo "2179"]

1.Nf3 Nf6 2.c4 c5 3.Nc3 g6 4.e4 d6 5.d4 cxd4 6.Nxd4 Bg7 7.Be2 O-O 8.O-O Nc6
9.Nc2 Bd7 10.Be3 Ne5 11.f3 a6 12.a4 Rc8 13.b3 a5 14.Qd2 Bc6 15.Rfd1 Ned7
16.Rab1 Nc5 17.Qe1 Qc7 18.Nd4 Nfd7 19.Ndb5 Bxb5 20.Nxb5 Qb6 21.Kh1 Ne5 22.f4 Nc6
23.Bg4 Rcd8 24.Qg1 Na7 25.e5 Nxb5 26.axb5 Qc7 27.exd6 exd6 28.Bf3 Rfe8 29.Rd5 b6
30.Rdd1 Qe7 31.Bf2 Qf6 32.Bc6 Re2 33.Qf1 Ra2 34.Bg1 Qf5 35.Rd5 Qc2 36.Bxc5 bxc5
37.b6 Rb2 38.Rxb2 Qxb2 39.Qd1 Bf8 40.b7 Rb8 41.Rd2 Qc3 42.Ra2 Be7 43.g3 Bf8
44.Kg2 Qb4 45.Qf3 Be7 46.f5 Kg7 47.Rf2 f6 48.Re2 Bf8 49.Bb5  1-0

[Event "Czech Chess Christmas"]
[Site "Litomysl CZE"]
[Date "2005.12.28"]
[Round "3"]
[White "Vavra,P2"]
[Black "Benda,R"]
[Result "1/2-1/2"]
[WhiteElo "2171"]
[BlackElo "2004"]

1.c4 c5 2.Nf3 Nf6 3.Nc3 e6 4.g3 Be7 5.Bg2 O-O 6.O-O d5 7.cxd5 exd5 8.d4 Nc6
9.dxc5 Bxc5 10.Bg5 Be6 11.Rc1 Be7 12.e3 h6 13.Bxf6 Bxf6 14.Qe2 Qa5 15.Rfd1 Rfd8
16.a3 Rd7 17.h3 a6 18.Rd2 Re8 19.Qd1 Red8 20.Ne2 Qb6 21.Ned4 Na5 22.b3 Qd6
23.a4 Nc6 24.Qc2 Rc7 25.Qd1 Rdc8 26.Rdc2 Qd7 27.Kh2 g5 28.Nxc6 Rxc6 29.Nd4 Bxd4
30.Rxc6 Rxc6 31.Rxc6 Qxc6 32.exd4 Qc3 33.Bf3  1/2-1/2

[Event "Czech Chess Christmas"]
[Site "Litomysl CZE"]
[Date "2005.12.28"]
[Round "4"]
[White "Vokac,M"]
[Black "Urbanec,L"]
[Result "1/2-1/2"]
[WhiteElo "2445"]
[BlackElo "2260"]

1.Nf3 Nf6 2.c4 c5 3.Nc3 e6 4.g3 a6 5.Bg2 Be7 6.O-O O-O 7.b3 Qc7 8.Bb2 e5
9.e3 d6 10.d4 Nbd7 11.Rc1 Rb8 12.Qd2 Re8 13.Rfd1 b6 14.h3 Bb7 15.d5 Bc8 16.Bf1 Bf8
17.e4 g6 18.Nh2 Bg7 19.Re1 Nf8 20.Rcd1 Bd7 21.a4 h5 22.Nf3 N8h7 23.Kh2 Kh8
24.Qc1 Ng8 25.Qa1 Qd8 26.Bg2 Ng5 27.Nxg5 Qxg5 28.Rd3 h4 29.Ne2 b5 30.axb5 axb5
31.Ng1 Ra8 32.Qd1 Bh6 33.Nf3 hxg3+ 34.fxg3 Qh5 35.Rf1 Ra2 36.Rf2 Nf6 37.Nh4 Qxd1
38.Rxd1 Bg5 39.Nf3 Be3 40.Re2 Kg7 41.Rde1 Bd4 42.Nxd4 cxd4 43.cxb5 Rb8 44.Rf2 Bxb5
45.Bxd4 Rxf2 46.Bxf2 Bd3 47.Re3 Rxb3 48.g4 g5 49.Kg3 Bc2 50.Rxb3 Bxb3 51.Kf3 Bc2
52.Ke3 Kf8 53.Bf3 Ng8 54.h4 gxh4 55.Bxh4 f6 56.Be2 Kf7 57.Bf3 Kg6 58.Be1 Kf7
59.Bh4 Kg6 60.Be1  1/2-1/2

[Event "Master Open"]
[Site "Zurich SUI"]
[Date "2005.12.28"]
[Round "4"]
[White "Seel,C"]
[Black "Pelletier,Y"]
[Result "1/2-1/2"]
[WhiteElo "2492"]
[BlackElo "2583"]

1.c4 Nf6 2.Nc3 c5 3.Nf3 e6 4.g3 b6 5.Bg2 Bb7 6.O-O Be7 7.Re1 Ne4 8.Nxe4 Bxe4
9.d3 Bb7 10.e4 Nc6 11.d4 Nxd4 12.Nxd4 cxd4 13.Qxd4 O-O 14.b3 Bc5 15.Qc3 Qe7
16.Re2  1/2-1/2

[Event "Open A"]
[Site "Bethune FRA"]
[Date "2005.12.29"]
[Round "7"]
[White "Shchekachev,A"]
[Black "Gharamian,T"]
[Result "1-0"]
[WhiteElo "2564"]
[BlackElo "2416"]

1.Nf3 Nf6 2.c4 c5 3.Nc3 e6 4.g3 b6 5.Bg2 Bb7 6.O-O Be7 7.d3 d5 8.cxd5 exd5
9.d4 O-O 10.Bf4 Nbd7 11.Rc1 Nh5 12.dxc5 Nxf4 13.gxf4 Bxc5 14.Nxd5 Nf6 15.Nc3 Qe7
16.e3 Rad8 17.Qe2 Bb4 18.Nb5 Nd5 19.Ne5 Bc5 20.Rfd1 a6 21.Nc3 Nxc3 22.bxc3 Rd6
23.Bxb7 Qxb7 24.Qf3 Qc7 25.c4 f6 26.Rxd6 Bxd6 27.Qd5+ Kh8 28.Nc6 Rc8 29.Nd4 Ba3
30.Ne6 Qd6 31.Qxd6 Bxd6 32.Rd1 Bf8 33.Rd7 Kg8 34.Rb7 b5 35.cxb5 axb5 36.Rxb5 Kf7
37.f5 g6 38.Rb7+ Be7 39.Nf4 Rc5 40.e4 Ke8 41.Nd5 Bd8 42.Ne3 Bc7 43.a4 Kd8
44.Nd5 Be5 45.fxg6 hxg6 46.Rb5 Rc2 47.Nb4 Rc4 48.a5 Bd6 49.a6 Rc1+ 50.Kg2 Ra1
51.Nc6+ Kc7 52.Na5  1-0

[Event "Harmonie Open A"]
[Site "Groningen NED"]
[Date "2005.12.29"]
[Round "7"]
[White "Kodentsov,G"]
[Black "Kamstra,J"]
[Result "1-0"]
[WhiteElo "2270"]
[BlackElo "2102"]

1.c4 Nf6 2.Nc3 e6 3.Nf3 c5 4.g3 Be7 5.Bg2 O-O 6.d4 cxd4 7.Nxd4 Nc6 8.O-O a6
9.b3 Qc7 10.Bb2 b6 11.e3 Bb7 12.h3 Rad8 13.Rc1 Nxd4 14.Qxd4 Bxg2 15.Kxg2 Bc5
16.Qf4 e5 17.Qf3 Qc6 18.Rfd1 e4 19.Qf4 Rfe8 20.Nd5 Nxd5 21.Rxd5 Bf8 22.Rcd1 b5
23.cxb5 axb5 24.R5d2 Re6 25.Rc1 Qa8 26.Bd4 Ra6 27.Qg5 d5 28.Rdc2 h6 29.Qf5 Ba3
30.Rc7 Rf8 31.R1c2 Bd6 32.Qg4 g5 33.Rc8 Qb7 34.Rxf8+ Bxf8 35.Qf5 b4 36.Qe5 f6
37.Qe8 Qf7 38.Qc8 Qe6 39.Qb7 h5 40.Rc8 Rd6 41.Bc5 h4 42.Rxf8+ Kxf8 43.Qb8+ Ke7
44.Qc7+  1-0

[Event "Czech Chess Christmas"]
[Site "Litomysl CZE"]
[Date "2005.12.29"]
[Round "5"]
[White "Kotyza,B"]
[Black "Balhar,J"]
[Result "0-1"]
[WhiteElo "1981"]
[BlackElo "2175"]

1.c4 Nf6 2.Nc3 c5 3.Nf3 g6 4.d3 Bg7 5.Bd2 O-O 6.g3 b6 7.Qc1 Re8 8.Bg2 Bb7
9.O-O Nc6 10.Rb1 d5 11.cxd5 Nxd5 12.Nxd5 Qxd5 13.Bc3 Qxa2 14.Bxg7 Kxg7 15.Qc3+ f6
16.b3 Rad8 17.Nd2 Nd4 18.Rfe1 Bxg2 19.Rb2 Qa1 20.Rxa1 Nxe2+ 21.Kxg2 Nxc3
22.Rxa7 Rxd3 23.Rb7 Red8 24.Nf3 Nd5 25.Ne1 Rd1  0-1

[Event "Xstrata ch-AUS 2006"]
[Site "Brisbane AUS"]
[Date "2005.12.31"]
[Round "4"]
[White "Smirnov,Vl1"]
[Black "Humphrey,J"]
[Result "1/2-1/2"]
[WhiteElo "2235"]
[BlackElo "2254"]

1.c4 Nf6 2.Nf3 c5 3.Nc3 d5 4.cxd5 Nxd5 5.g3 Nc6 6.Bg2 Nc7 7.d3 e5 8.O-O Be7
9.Bd2 O-O 10.Rc1 f6 11.Ne4 b6 12.a3 a5 13.Qb3+ Ne6 14.Nc3 Rb8 15.Qd5 Qxd5
16.Nxd5 Bd6 17.Bc3 Ned4 18.Bxd4 Nxd4 19.Rfe1 Bb7 20.Nd2 b5 21.Ne4 Bxd5 22.Nxd6 Bxg2
23.Kxg2 Nb3 24.Rc3 a4 25.Ne4 Rbc8 26.Rd1 Rfd8 27.Nd2 c4 28.Nxb3 cxb3 29.Rdc1 Rxc3
30.Rxc3 e4 31.Kf1 exd3 32.exd3 Re8 33.Rc1 Kf7 34.d4 Re7 35.d5 Re5 36.Rc5 b4
37.Ra5 bxa3 38.bxa3 Re4 39.Rb5 Ke7 40.f3 Re5 41.Ra5 Kd6 42.Rxa4 Rxd5 43.Rb4 Rd3
44.Ke2 Rc3  1/2-1/2

[Event "10th Open"]
[Site "Bad Zwesten GER"]
[Date "2006.01.03"]
[Round "3"]
[White "Donchenko,A"]
[Black "Mittendorf,F"]
[Result "1-0"]
[WhiteElo "2460"]
[BlackElo "2206"]

1.Nf3 Nf6 2.c4 c5 3.Nc3 g6 4.g3 Bg7 5.Bg2 O-O 6.O-O d6 7.d4 cxd4 8.Nxd4 Nc6
9.Nb3 Be6 10.c5 Bxb3 11.Qxb3 Na5 12.Qa3 dxc5 13.Qxc5 b6 14.Qb4 Rc8 15.Rd1 Qe8
16.Bf4 h6 17.Rac1 e5 18.Bd2 Qe6 19.Be1 Rfd8 20.Rxd8+ Rxd8 21.b3 Rd4 22.Qb5 Bf8
23.e3 Rd7 24.Rd1 Rxd1 25.Nxd1 Qd6 26.Nc3 Qc7 27.Nd5 Nxd5 28.Bxd5 Qc1 29.Qd7 Qxe1+
30.Kg2  1-0

[Event "Xstrata ch-AUS 2006"]
[Site "Brisbane AUS"]
[Date "2006.01.03"]
[Round "6"]
[White "Caoili,A"]
[Black "Humphrey,J"]
[Result "0-1"]
[WhiteElo "2207"]
[BlackElo "2254"]

1.c4 Nf6 2.Nc3 c5 3.Nf3 d5 4.cxd5 Nxd5 5.d4 cxd4 6.Qxd4 Nxc3 7.Qxc3 Nc6 8.e4 e6
9.Bb5 Bd7 10.O-O Qb6 11.a4 Qc5 12.Qd3 Qd6 13.Qe2 a6 14.Bd3 Qc7 15.e5 Nb4
16.Bb1 Rc8 17.Bd2 Be7 18.Ng5 Bxg5 19.Bxg5 Qc4 20.Qd2 h6 21.Rd1 Nd5 22.Be3 Bxa4
23.Bd3 Qb3 24.Re1 Bc6 25.Bc5 Ne7 26.Ba3 Rd8 27.Re3 Qd5 28.f4 Nf5 29.Rh3 Nh4
30.Rxh4 Qxd3 31.Qf2 Qd2 32.Bd6 Qxf2+ 33.Kxf2 Rc8 34.Rd1 Bd5 35.Rd2 Rc4 36.Kg3 g6
37.Rh3 Kd7 38.Kg4 g5 39.Rc3 Rxf4+ 40.Kg3 Rc8 41.Rxc8 Kxc8 42.Rc2+ Bc6 43.Rf2 Rxf2
44.Kxf2 h5 45.Be7 g4 46.h4 Kd7 47.Bb4 Be4 48.g3 Kc6 49.Ke3 Kd5 50.Bc3 Bg6
51.Kf4 Kc4 52.Ke3 b5 53.Ba5 Kb3 54.Bc3 b4 55.Bd4 Kc2 56.Bc5 a5 57.Bb6 a4
58.Bc5 Kxb2 59.Bxb4 a3 60.Kd2 a2  0-1

[Event "10th Open"]
[Site "Bad Zwesten GER"]
[Date "2006.01.06"]
[Round "7"]
[White "Siebrecht,S"]
[Black "Schulze,U"]
[Result "1/2-1/2"]
[WhiteElo "2485"]
[BlackElo "2322"]

1.Nf3 Nf6 2.c4 c5 3.Nc3 g6 4.e4 Bg7 5.d4 cxd4 6.Nxd4 Nc6 7.Be3 d6 8.Be2 O-O
9.O-O Nxd4 10.Bxd4 Be6 11.Qd2 a5 12.f3 a4 13.Rac1 Qa5 14.Be3 Rfc8 15.Nb5 Qxd2
16.Bxd2 Nd7 17.Rc2 f5 18.Bg5 Kf7 19.exf5 Bxf5 20.Rd2 Ne5 21.b3 axb3 22.axb3 Nc6
23.f4 h6 24.Bh4 Bf6 25.Bxf6 Kxf6 26.g4 Be6 27.Bf3 g5 28.fxg5+ Kxg5 29.Nd4 Nxd4
30.Rxd4 Rf8 31.Kg2 Ra2+ 32.Kg3 Rb2 33.Re1 Rxf3+ 34.Kxf3 Rxb3+ 35.Kg2 Bxg4
36.Rxe7 h5 37.Rxd6 Rb2+ 38.Kg1 Rb1+ 39.Kf2 Rb2+ 40.Kf1 Kh4 41.c5 Rxh2 42.Rxb7 Rc2
43.c6 Kg3 44.Rb3+ Kh4 45.Re3 Kg5 46.Re5+ Kf4 47.Red5 Bf3 48.Rd2 Rxc6 49.Rxc6 Bxc6
50.Kf2 h4 51.Rd4+ Be4 52.Rd8 h3 53.Rf8+ Ke5 54.Kg3 Bg2 55.Rh8 Ke4 56.Rh4+ Ke3
57.Rxh3 Bxh3 58.Kxh3  1/2-1/2

[Event "8th Hilton Schachfestival"]
[Site "Basel SUI"]
[Date "2006.01.06"]
[Round "6"]
[White "Rukavina,J"]
[Black "Djuric,S"]
[Result "0-1"]
[WhiteElo "2378"]
[BlackElo "2460"]

1.Nf3 Nf6 2.c4 c5 3.Nc3 d5 4.cxd5 Nxd5 5.d4 Nxc3 6.bxc3 g6 7.e3 Bg7 8.Bb5+ Nd7
9.a4 O-O 10.Ba3 b6 11.O-O Qc7 12.a5 Nf6 13.Rc1 Bb7 14.a6 Bc6 15.c4 Rad8 16.Bxc6 Qxc6
17.Qb3 Ne4 18.Rfd1 e6 19.Rd3 Qc8 20.Qa4 e5 21.d5 Nxf2 22.Kxf2 e4 23.Rd2 exf3
24.d6 Qg4 25.gxf3 Qh4+ 26.Kg1 Qg5+ 27.Kf2 Rfe8 28.Rd3 Be5 29.Rh1 Bxd6 30.Bb2 Bf4
31.e4 Kf8 32.Rd5 Be3+ 33.Kf1 Qh4 34.Qc2 Qh3+ 35.Qg2 Qc8 36.Qe2 Bd4 37.Bxd4 cxd4
38.Qd3 Rxd5 39.cxd5 Qc1+ 40.Kg2 Qg5+ 41.Kh3 Qf4 42.Kg2 Rc8 43.Rf1 Qf6 44.f4 Rc3
45.e5 Qh4 46.Qxd4 Qh3+ 47.Kg1 Rc2 48.Qb4+ Kg7  0-1

[Event "Open"]
[Site "Verona ITA"]
[Date "2006.01.07"]
[Round "7"]
[White "Estremera Panos,S"]
[Black "Lettieri,G"]
[Result "1/2-1/2"]
[WhiteElo "2366"]
[BlackElo "2265"]

1.Nf3 c5 2.c4 Nf6 3.Nc3 g6 4.g3 Bg7 5.Bg2 Nc6 6.d4 cxd4 7.Nxd4 Nxd4 8.Qxd4 O-O
9.O-O d6 10.Qd3 Be6 11.Bd2 Rb8 12.Rac1 a6 13.b3 Nd7 14.e4 b5 15.cxb5 axb5
16.Nd5 Nc5 17.Qe2 Bxd5 18.exd5 b4 19.Rc2 e5 20.dxe6 Nxe6 21.Qd3 Qa5 22.Be3 Rfd8
23.Rd1 d5 24.Bxd5 Nd4 25.Bxd4 Rxd5 26.Qc4 Rbd8 27.Rcd2 Bh6 28.f4 Bf8 29.Be3 Rxd2
30.Rxd2 Rxd2 31.Bxd2 Qa7+ 32.Kf1  1/2-1/2